000
00319nam a22001337a 4500
003
SGT
020
_a
9789392787195
082
_a
370.72,YAD
100
_a
YADAV, ROHIT
245
_a
CONTEMPORARY RESEARCH METHODS AT HIGHER EDUCATION INSTITURUINS
260
_a
NEW DELHI
_b
SSB
_c
2022
300
_a
131
942
_2
ddc
_c
BK
999
_c
32162
_d
32162